<?xml version="1.0" encoding="UTF-8"?>
<collection xmlns="http://www.loc.gov/MARC21/slim">
 <record>
  <leader>01793amm a22002778a 4500</leader>
  <controlfield tag="001">00032998</controlfield>
  <controlfield tag="005">20171026081025.0</controlfield>
  <controlfield tag="008">150202s2013                  ||||||viesd</controlfield>
  <datafield tag="041" ind1="0" ind2="#">
   <subfield code="a">vie</subfield>
  </datafield>
  <datafield tag="082" ind1=" " ind2=" ">
   <subfield code="a">428</subfield>
   <subfield code="b">T400E</subfield>
  </datafield>
  <datafield tag="100" ind1="1" ind2="#">
   <subfield code="a">Lougheed, Lin</subfield>
  </datafield>
  <datafield tag="245" ind1="1" ind2="0">
   <subfield code="h">nguồn liệu điện tử]</subfield>
   <subfield code="a">TOEIC test</subfield>
   <subfield code="b">audio CD</subfield>
   <subfield code="c">Lin Lougheed</subfield>
  </datafield>
  <datafield tag="250" ind1="#" ind2="#">
   <subfield code="a">4th edition</subfield>
  </datafield>
  <datafield tag="260" ind1="#" ind2="#">
   <subfield code="a">TP.HCM</subfield>
   <subfield code="b">Trẻ; Công ty Văn hóa sáng tạo Trí Việt</subfield>
   <subfield code="c">2013</subfield>
  </datafield>
  <datafield tag="300" ind1="#" ind2="#">
   <subfield code="a">3 CD</subfield>
   <subfield code="c">43/4 in.</subfield>
   <subfield code="e">sách</subfield>
  </datafield>
  <datafield tag="490" ind1="#" ind2="#">
   <subfield code="a">Barron's Educational Series</subfield>
  </datafield>
  <datafield tag="653" ind1="#" ind2="#">
   <subfield code="a">Bài kiểm tra</subfield>
  </datafield>
  <datafield tag="653" ind1="#" ind2="#">
   <subfield code="a">TOEIC Test</subfield>
  </datafield>
  <datafield tag="653" ind1="#" ind2="#">
   <subfield code="a">Tiếng Anh</subfield>
  </datafield>
  <datafield tag="653" ind1="#" ind2="#">
   <subfield code="a">Đĩa CD</subfield>
  </datafield>
  <datafield tag="852" ind1="#" ind2="#">
   <subfield code="b">Kho đa phương tiện</subfield>
   <subfield code="j">DPT.0003281, DPT.0003282, DPT.0003283, DPT.0003284, DPT.0003285, DPT.0003286, DPT.0003287, DPT.0003288, DPT.0003289, DPT.0003290, DPT.0003291, DPT.0003292, DPT.0003293, DPT.0003294, DPT.0003295, DPT.0003296, DPT.0003297, DPT.0003298, DPT.0003299, DPT.0003300, DPT.0003301, DPT.0003302, DPT.0003303, DPT.0003304, DPT.0003305, DPT.0003306, DPT.0003307, DPT.0003308, DPT.0003309, DPT.0003310, DPT.0003311, DPT.0003312, DPT.0003313, DPT.0003314, DPT.0003315, DPT.0003316</subfield>
  </datafield>
  <datafield tag="852" ind1="#" ind2="#">
   <subfield code="j">DPT.0003281</subfield>
   <subfield code="j">DPT.0003285</subfield>
   <subfield code="j">DPT.0003286</subfield>
   <subfield code="j">DPT.0003288</subfield>
   <subfield code="j">DPT.0003289</subfield>
   <subfield code="j">DPT.0003291</subfield>
   <subfield code="j">DPT.0003294</subfield>
   <subfield code="j">DPT.0003296</subfield>
   <subfield code="j">DPT.0003297</subfield>
   <subfield code="j">DPT.0003299</subfield>
   <subfield code="j">DPT.0003300</subfield>
   <subfield code="j">DPT.0003304</subfield>
   <subfield code="j">DPT.0003305</subfield>
   <subfield code="j">DPT.0003307</subfield>
   <subfield code="j">DPT.0003308</subfield>
   <subfield code="j">DPT.0003310</subfield>
   <subfield code="j">DPT.0003313</subfield>
   <subfield code="j">DPT.0003315</subfield>
   <subfield code="j">DPT.0003316</subfield>
   <subfield code="j">DPT.0003282</subfield>
   <subfield code="j">DPT.0003283</subfield>
   <subfield code="j">DPT.0003287</subfield>
   <subfield code="j">DPT.0003290</subfield>
   <subfield code="j">DPT.0003295</subfield>
   <subfield code="j">DPT.0003298</subfield>
   <subfield code="j">DPT.0003301</subfield>
   <subfield code="j">DPT.0003302</subfield>
   <subfield code="j">DPT.0003306</subfield>
   <subfield code="j">DPT.0003309</subfield>
   <subfield code="j">DPT.0003314</subfield>
   <subfield code="j">DPT.0003284</subfield>
   <subfield code="j">DPT.0003292</subfield>
   <subfield code="j">DPT.0003293</subfield>
   <subfield code="j">DPT.0003303</subfield>
   <subfield code="j">DPT.0003311</subfield>
   <subfield code="j">DPT.0003312</subfield>
   <subfield code="j">DPT.0004654</subfield>
   <subfield code="j">DPT.0004655</subfield>
  </datafield>
  <datafield tag="910" ind1=" " ind2=" ">
   <subfield code="d">02/02/2015</subfield>
  </datafield>
  <datafield tag="980" ind1="#" ind2="#">
   <subfield code="a">Trung tâm Học liệu Lê Vũ Hùng, Trường Đại học Đồng Tháp</subfield>
  </datafield>
 </record>
</collection>
